[Event "TUR-chT2"]
[Site "Konya"]
[Date "2018.07.13"]
[Round "6.14"]
[White "Cakir, Hakan"]
[Black "Ozturkler, Baris"]
[Result "1-0"]
[WhiteElo "1910"]
[BlackElo "2016"]
[PlyCount "81"]
[EventDate "2018.07.10"]
[EventType "team-swiss"]
[EventRounds "9"]
[EventCountry "TUR"]
[SourceTitle "EXT 2019"]
[Source "ChessBase"]
[SourceDate "2018.10.10"]
[SourceVersion "1"]
[SourceVersionDate "2018.10.10"]
[SourceQuality "1"]
[WhiteTeam "Istanbul Kartal Belediye"]
[BlackTeam "Akcakoca Esentepe Okulu"]
[WhiteTeamCountry "TUR"]
[BlackTeamCountry "TUR"]

1. e4 e6 2. d4 d5 3. Nc3 Nf6 4. Bg5 Be7 5. e5 Nfd7 6. Bxe7 Qxe7 7. f4 a6 8. Nf3 c5 9. Qd2 Nc6 10. 0-0-0 b5 11. dxc5 Qxc5 12. Bd3 b4 13. Ne2 a5 14. Kb1 Ba6 15. Bxa6 Rxa6 16. Ned4 Nb6 17. f5 Nxd4 18. Nxd4 exf5 19. Nxf5 Nc4 20. Qxd5 Qxd5 21. Rxd5 0-0 22. Rc5 Nd2+ 23. Kc1 Ne4 24. Rd5 Re8 25. Re1 Nf6 26. Rb5 g6 27. Nd4 Nd7 28. Re2 h5 29. Rd5 Re7 30. c4 bxc3 31. bxc3 a4 32. c4 Kg7 33. Kc2 Nb8 34. Kc3 a3 35. c5 Nc6 36. Rd6 Nxd4 37. Kxd4 Ra8 38. e6 Rae8 39. exf7 Rxe2 40. fxe8Q Rxe8 41. Ra6 1-0